000
00292nam a22001337a 4500
008
170309b xxu||||| |||| 00| 0 eng d
020
_a
9781591951292
041
_a
eng
080
_a
615
100
_a
5
101
_a
SHM
245
_a
DRUG INFORMATION HANDBOOK
_c
LACY, CH.F
942
_2
udc
_c
BK
999
_c
7386
_d
7386